Statistics for world cup final scorers

Click here to take the quiz!

General Stats

  • This quiz has been taken 17 times
  • The average score is 16 of 61

Answer Stats

HintAnswer% Correct
france 1998 | france 2006zidane
100%
brazil 1958 | brazil 1970pele
93%
brazil 2002ronaldo
93%
germany 2014gotze
87%
spain 2010iniesta
87%
england 1966hurst
87%
west germany 1974muller
80%
italy 1982rossi
67%
hungary 1954puskas
60%
france 1998petit
60%
argentina 1978kempes
53%
england 1966peters
47%
italy 2006materazzi
47%
holland 1974neeskens
40%
germany 1986rummenigge
33%
germany 1990brehme
33%
brazil 1958 | brazil 1962vava
27%
west germany 1954rahn
20%
brazil 1970carlos alberto
20%
brazil 1970jairzinho
20%
argentina 1930stabile
20%
germany 1986voller
20%
italy 1982tardelli
13%
argentina 1986valdano
13%
argentina 1986burruchaga
13%
west germany 1966haller
13%
west germany 1974 | west germany 1982breitner
13%
italy 1982altobelli
7%
west germany 1954morlock
7%
uruguay 1930iriate
7%
uruguay 1930cea
7%
italy 1970boninsegna
7%
brazil 1970gerson
7%
uruguay 1950ghiggia
7%
argentina 1978bertoni
7%
west germany 1966weber
7%
brazil 1962amarildo
7%
sweden 1958liedholm
0%
hungary 1938sarosi
0%
argentina 1930peucelle
0%
uruguay 1930castro
0%
uruguay 1930dorado
0%
czechoslovakia 1934puc
0%
italy 1934schiavo
0%
italy 1934orsi
0%
hungary 1938titkos
0%
sweden 1958simonsson
0%
italy 1938piola
0%
italy 1938colaussi
0%
brazil 1950friaca
0%
brazil 1962zito
0%
uruguay 1950schiaffino
0%
hungary 1954czibor
0%
argentina 1986brown
0%
czechoslovakia 1962masopust
0%
holland 1978nanninga
0%

Score Distribution

Percentile by Number Answered

Percent of People with Each Score

Your Score History

You have not taken this quiz